00749nam a2200181 a 450000100100000000500170001000800410002702000150006804000250008308200150010824501650012326000660028830000210035470000530037504900090042895201130043799900170055000002541320200930023754.0100702s1985 mx r 000 |aspa d a9686011889 aDO-SdBNPbspacBNPHU axxxbB744e10aBosquejos de educación para el pueblo :bIgnacio Ramírez e Ignacio Manuel Altamirano /cselección, introducción y notas Ma. Teresa Bermúdez de Brauns. aMéxico, D. F. :bSecretaria de Educación Publico ,c1985. a158 p. ;c21 cm.1 aBermúdez de Brauns, Ma. Teresaeintrod.952016 aBNGR 001050718MOaGRbGRcCTd2011-02-15iLF1l0oxxx B744ep25413-10r2020-06-25w2020-06-25y1ZNo se presta c24905d24905